[Event "FRA-chT1B 0708"]
[Site "France"]
[Date "2008.02.09"]
[Round "6.8"]
[White "Lamotte, Gaelle"]
[Black "Descroix, Claire"]
[Result "1-0"]
[WhiteElo "1915"]
[BlackElo "1649"]
[PlyCount "91"]
[EventDate "2007.10.21"]
[EventType "team"]
[EventRounds "11"]
[EventCountry "FRA"]
[SourceTitle "EXT 2009"]
[Source "ChessBase"]
[SourceDate "2008.11.26"]
[SourceVersion "1"]
[SourceVersionDate "2008.11.26"]
[SourceQuality "1"]
[WhiteTeam "Besancon TPG"]
[BlackTeam "Vincennes"]
[WhiteTeamCountry "FRA"]
[BlackTeamCountry "FRA"]

1. e4 e6 2. d4 d5 3. Nc3 Nf6 4. Bg5 Be7 5. e5 Nfd7 6. Bxe7 Qxe7 7. f4 c5 8. Nb5 0-0 9. Nc7 Nb6 10. Nxa8 Nxa8 11. c3 c4 12. Nf3 Nc6 13. Be2 Nc7 14. 0-0 Ne8 15. Qe1 f6 16. Qg3 f5 17. h4 b5 18. h5 b4 19. Ng5 Nc7 20. Rf3 a5 21. Qe1 Nb5 22. Bd1 bxc3 23. bxc3 Na3 24. Rg3 Nd8 25. Qd2 Nc6 26. Ba4 Na7 27. Qb2 Ba6 28. Qb6 Bc8 29. Qxa5 Kh8 30. Rf1 Qb7 31. Kh2 Qe7 32. Rf2 h6 33. Nf3 Nb1 34. Rb2 Na3 35. Ng1 Qh4+ 36. Nh3 Qe7 37. Ng1 Qh4+ 38. Nh3 Qe7 39. Kg1 Kh7 40. Kf2 Kg8 41. Ng1 Kh7 42. Nf3 Kg8 43. Rh3 Kh7 44. Nh4 Rf7 45. Ng6 Qc7 46. Qb4 1-0

[Event "FRA-chT1B 0708"]
[Site "France"]
[Date "2007.11.25"]
[Round "3.8"]
[White "Descroix, Claire"]
[Black "Criqui, Laurence"]
[Result "0-1"]
[WhiteElo "1649"]
[BlackElo "1640"]
[PlyCount "86"]
[EventDate "2007.10.21"]
[EventType "team"]
[EventRounds "11"]
[EventCountry "FRA"]
[SourceTitle "EXT 2009"]
[Source "ChessBase"]
[SourceDate "2008.11.26"]
[SourceVersion "1"]
[SourceVersionDate "2008.11.26"]
[SourceQuality "1"]
[WhiteTeam "Vincennes"]
[BlackTeam "Gambsheim"]
[WhiteTeamCountry "FRA"]
[BlackTeamCountry "FRA"]

1. e4 e5 2. Nf3 Nc6 3. d4 exd4 4. Bc4 Bc5 5. Ng5 Ne5 6. Bxf7+ Nxf7 7. Nxf7 Kxf7 8. Qh5+ Kf8 9. Qxc5+ d6 10. Qxd4 Qh4 11. 0-0 Nf6 12. f3 Be6 13. Bd2 Rg8 14. b3 b6 15. Qd3 Qh5 16. Re1 Re8 17. Na3 Qc5+ 18. Kh1 Qxa3 19. e5 dxe5 20. Rxe5 Qd6 21. Qe2 Bd7 22. Re1 Rxe5 23. Qxe5 Qxe5 24. Rxe5 Kf7 25. Re3 Re8 26. Rc3 c5 27. Kg1 Re2 28. Bg5 Bb5 29. Bxf6 Kxf6 30. a3 Re1+ 31. Kf2 Rf1+ 32. Kg3 g5 33. h3 h5 34. Re3 h4+ 35. Kh2 Rc1 36. c4 Bc6 37. Re2 Rb1 38. Rd2 Ke6 39. Re2+ Kf6 40. Rd2 Be8 41. Re2 Bg6 42. Re3 Bc2 43. Rc3 Bxb3 0-1